<?xml version="1.0" encoding="UTF-8"?>
<record
    xmlns:xsi="http://www.w3.org/2001/XMLSchema-instance"
    xsi:schemaLocation="http://www.loc.gov/MARC21/slim http://www.loc.gov/standards/marcxml/schema/MARC21slim.xsd"
    xmlns="http://www.loc.gov/MARC21/slim">

  <leader>01092nam a2200289 a 4500</leader>
  <controlfield tag="001">1447075</controlfield>
  <controlfield tag="003">CO-ViMGA</controlfield>
  <controlfield tag="005">20230915233607.0</controlfield>
  <controlfield tag="008">160203s2014    ck a    r     00010 spa d</controlfield>
  <datafield tag="020" ind1=" " ind2=" ">
    <subfield code="a">9789583044977</subfield>
  </datafield>
  <datafield tag="040" ind1=" " ind2=" ">
    <subfield code="a">CO-ViMGA</subfield>
    <subfield code="b">spa</subfield>
    <subfield code="c">CO-ViMGA</subfield>
  </datafield>
  <datafield tag="041" ind1="1" ind2=" ">
    <subfield code="h">eng</subfield>
  </datafield>
  <datafield tag="082" ind1="0" ind2="4">
    <subfield code="a">I591.529 </subfield>
    <subfield code="b">M37a </subfield>
    <subfield code="2">20</subfield>
  </datafield>
  <datafield tag="100" ind1="1" ind2=" ">
    <subfield code="a">Mertens, Dietmar.</subfield>
    <subfield code="9">108</subfield>
  </datafield>
  <datafield tag="245" ind1="1" ind2="0">
    <subfield code="a">Animales extintos y en peligro de extincion&#x324; / </subfield>
    <subfield code="c">Dietmar Mertens ; ilustrador Johann Brandstetter ; traductor Amalia Risue&#xF1;o.</subfield>
  </datafield>
  <datafield tag="250" ind1=" " ind2=" ">
    <subfield code="a">Editor Cesar Cardozo Tovar.</subfield>
  </datafield>
  <datafield tag="260" ind1=" " ind2=" ">
    <subfield code="a">Bogota :&#x300; </subfield>
    <subfield code="b">Panamericana Editorial, </subfield>
    <subfield code="c">2014.</subfield>
  </datafield>
  <datafield tag="300" ind1=" " ind2=" ">
    <subfield code="a">48 pag&#x300;inas : </subfield>
    <subfield code="b">ilusttraciones ; </subfield>
    <subfield code="c">28 cm.</subfield>
  </datafield>
  <datafield tag="534" ind1=" " ind2=" ">
    <subfield code="p">Tit&#x315;ulo original : </subfield>
    <subfield code="t">Ausgestorbene und bedrohte tiere.</subfield>
  </datafield>
  <datafield tag="650" ind1="1" ind2="4">
    <subfield code="a">Animales extintos</subfield>
    <subfield code="x"> Literatura infantil.</subfield>
    <subfield code="9">109</subfield>
  </datafield>
  <datafield tag="650" ind1="1" ind2="4">
    <subfield code="a">Proteccion&#x324; de los recursos naturales.</subfield>
    <subfield code="9">103</subfield>
  </datafield>
  <datafield tag="650" ind1="1" ind2="4">
    <subfield code="a">Relacion&#x324; seres humanos-animales.</subfield>
    <subfield code="9">110</subfield>
  </datafield>
  <datafield tag="700" ind1="1" ind2=" ">
    <subfield code="a">Brandstetter, Johann, </subfield>
    <subfield code="e">ilustrador.</subfield>
    <subfield code="9">111</subfield>
  </datafield>
  <datafield tag="700" ind1="1" ind2=" ">
    <subfield code="a">Cardozo Tovar, Cesar A, </subfield>
    <subfield code="e">editor.</subfield>
    <subfield code="9">113</subfield>
  </datafield>
  <datafield tag="700" ind1="1" ind2=" ">
    <subfield code="a">Risue&#xF1;o, Amalia, </subfield>
    <subfield code="e">traductora.</subfield>
    <subfield code="9">112</subfield>
  </datafield>
  <datafield tag="942" ind1=" " ind2=" ">
    <subfield code="2">ddc</subfield>
    <subfield code="c">BK</subfield>
  </datafield>
  <datafield tag="999" ind1=" " ind2=" ">
    <subfield code="c">37133</subfield>
    <subfield code="d">37133</subfield>
  </datafield>
  <datafield tag="952" ind1=" " ind2=" ">
    <subfield code="0">0</subfield>
    <subfield code="1">0</subfield>
    <subfield code="2">ddc</subfield>
    <subfield code="4">0</subfield>
    <subfield code="7">0</subfield>
    <subfield code="8">008</subfield>
    <subfield code="a">MEVIECAR</subfield>
    <subfield code="b">MEVIECAR</subfield>
    <subfield code="d">2020-01-21</subfield>
    <subfield code="l">0</subfield>
    <subfield code="o">I591.529 M37a </subfield>
    <subfield code="p">32983</subfield>
    <subfield code="r">2020-01-21 00:00:00</subfield>
    <subfield code="w">2020-01-21</subfield>
    <subfield code="y">BK</subfield>
  </datafield>
  <datafield tag="952" ind1=" " ind2=" ">
    <subfield code="0">0</subfield>
    <subfield code="1">0</subfield>
    <subfield code="2">ddc</subfield>
    <subfield code="4">0</subfield>
    <subfield code="7">0</subfield>
    <subfield code="8">008</subfield>
    <subfield code="a">MEVIECAR</subfield>
    <subfield code="b">MEVIECAR</subfield>
    <subfield code="d">2020-01-21</subfield>
    <subfield code="l">0</subfield>
    <subfield code="o">I591.529 M37a </subfield>
    <subfield code="p">32982</subfield>
    <subfield code="r">2020-01-21 00:00:00</subfield>
    <subfield code="w">2020-01-21</subfield>
    <subfield code="y">BK</subfield>
  </datafield>
</record>
